LEADER 01003nam a2200265 i 4500 001 000000039495 003 CaOOAMICUS 005 20110915000000.0 008 110915s1962 it u000 u ita u 013 $a10232 040 $aSeMil$bita 100 1 $aGhirshman, Roman.$0(OLS)http://semarc/name/19169 245 10$aArte Persiana :$bParti e Sassanidi /$cRoman Ghirshman. 260 $aMilano :$bRizzoli,$c1962. 300 $a402 p. :$bill., [1] pieghevole di carte geogr. ;$c28 cm. 490 0 $aIl mondo della figura 500 $aFondo Ciprandi. 650 4$aArte persiana.$0(OLS)http://semarc/subject/8173 830 3$aIl mondo della figura.$0(OLS)http://semarc/title/34279 850 $aSeMil 852 $aSeMil$W1$xVenegono$y1$m5N VI 16$j5650$B5650$CSeMilBibl$Z2$F5650 $81 941 1 $a1 961 $aOmaggio: Ciprandi dott. Paolo 996 $6245$aArte Persiana :$bParti e Sassanidi$9(OLS)http://semarc/title/56274 996 $6260$aMilano :$bRizzoli$9(OLS)http://semarc/publisher/29824 LEADER 00790nas a2200229 i 4500 001 000000042386 003 CaOOAMICUS 005 20081222000000.0 008 081222b1991 it uu u0 0ita r 013 $a13556 020 $a88-15-03173-1 040 $aSeMil$bita 245 10$aSul destino. 260 $aBologna :$bIl Mulino,$c1991. 300 $a345 p. ;$c22 cm. 773 0 $tEstetica.$dBologna : Il Mulino, 1991-1998.$x1121-0036$w()20548 850 $aSeMil 852 $aSeMil$W1$xVenegono$y1$m2P III 570$j254327$B8541$CSeMilBibl$Z2$F8541 $81 961 $aAcquisto: Distributore 996 $6020$a88-15-03173-1$9(OLS)http://semarc/number/13641 996 $6245$aSul destino$9(OLS)http://semarc/title/61790 996 $6260$aBologna :$bIl Mulino$9(OLS)http://semarc/publisher/29842